Skills Award in Information Technology : Standard Level /
Libro de texto para la preparación del examen de Premio de Habilidades en Tecnologías de Información, ofrecido por la Universidad de Cambridge. Las habilidades que se deben demostrar comprenden el manejo de los principales aplicaciones de cómputo, como lo son la creación y manejo de archivos de dato...
-д хадгалсан:
| Үндсэн зохиолч: | |
|---|---|
| Формат: | Ном |
| Хэл сонгох: | англи |
| Хэвлэсэн: |
Cambridge, Inglaterra :
Cambridge University,
2003, c2003
|
| Цуврал: | (Cambridge International Examinations)
|
| Нөхцлүүд: | |
| Шошгууд: |
Шошго байхгүй, Энэхүү баримтыг шошголох эхний хүн болох!
|
MARC
| LEADER | 00000nam^a2200000^a^4500 | ||
|---|---|---|---|
| 001 | 000153075 | ||
| 005 | 20250521000000.0 | ||
| 009 | 20260310100305.724 | ||
| 020 | |a 0-521-52528-4 | ||
| 037 | |a Acervo ITESO - Biblioteca | ||
| 041 | |a ING | ||
| 082 | |a 004. 076 |b MCB | ||
| 100 | |a McBride, P.K. |e (autor) | ||
| 245 | 1 | 0 | |a Skills Award in Information Technology : |b Standard Level / |c P.K. McBride. |
| 264 | 4 | |a Cambridge, Inglaterra : |b Cambridge University, |c 2003, c2003 | |
| 300 | |a XI, 132 p. | ||
| 336 | |a texto |b txt |2 rdacontenido | ||
| 337 | |a sin mediación |b n |2 rdamedio | ||
| 338 | |a volumen |b nc |2 rdasoporte | ||
| 440 | 1 | |a (Cambridge International Examinations) | |
| 520 | |a Libro de texto para la preparación del examen de Premio de Habilidades en Tecnologías de Información, ofrecido por la Universidad de Cambridge. Las habilidades que se deben demostrar comprenden el manejo de los principales aplicaciones de cómputo, como lo son la creación y manejo de archivos de datos; procesamiento de textos; creación, uso y modificación de hojas de cálculo; creación, uso y modificación de bases de datos; navegación en Internet; presentación en Power Point. | ||
| 649 | |a XX | ||
| 650 | |a Guía de Estudio | ||
| 650 | |a Apoyos Didácticos | ||
| 650 | |a Normalización y Certificación | ||
| 650 | |a Competencias de Información | ||
| 650 | |a Computadoras | ||
| 650 | |a Archivo de Datos | ||
| 650 | |a Procesador de Textos | ||
| 650 | |a Bases de Datos | ||
| 650 | |a Hoja de Cálculo | ||
| 650 | |a Gráficas por Computadora | ||
| 650 | |a Correo Electrónico | ||
| 650 | |a Navegadores (Ingeniería Computacional) | ||
| 650 | |a Internet | ||
| 650 | |a Redes de Computadoras | ||
| 650 | |a Comunicación en Red | ||
| 650 | |a Telecomunicaciones | ||
| 650 | |a Sistemas de Telecomunicación | ||
| 650 | |a Ingeniería Industrial | ||
| 650 | |a Ingeniería Computacional | ||
| 910 | |a Fondo General | ||
| 920 | |a Impresos - Libros | ||
| 930 | |a Colección General | ||
| 905 | |a 101 | ||
| 901 | |a 0500081685 |b IT1 |c ACC |u 20250521 | ||
| 902 | |a https://opac.biblio.iteso.mx/vufind/Record/000153075 | ||